<?xml version="1.0" encoding="UTF-8"?>
<collection xmlns="http://www.loc.gov/MARC21/slim">
 <record>
  <leader>03197nam a2200721   4500</leader>
  <controlfield tag="001">DLU070058848</controlfield>
  <controlfield tag="005">##20070315</controlfield>
  <controlfield tag="008">##960523c19979999njuar1   r    0   a0eng d</controlfield>
  <datafield tag="010" ind1="#" ind2="#">
   <subfield code="a">   98660741 </subfield>
   <subfield code="z">sn 96000364 </subfield>
  </datafield>
  <datafield tag="022" ind1="#" ind2="#">
   <subfield code="a">1088-9442</subfield>
   <subfield code="y">1088-9426</subfield>
  </datafield>
  <datafield tag="035" ind1="#" ind2="#">
   <subfield code="a">(OCoLC)ocm34779629</subfield>
  </datafield>
  <datafield tag="037" ind1="#" ind2="#">
   <subfield code="b">Peterson's Guides, P.O. Box 2123, Princeton, NJ 08543-2123</subfield>
   <subfield code="2">5.95</subfield>
  </datafield>
  <datafield tag="040" ind1="#" ind2="#">
   <subfield code="a">NSDP</subfield>
   <subfield code="c">NSDP</subfield>
   <subfield code="d">InU</subfield>
   <subfield code="d">CLU</subfield>
   <subfield code="d">TNJ</subfield>
   <subfield code="d">NSDP</subfield>
   <subfield code="d">N</subfield>
   <subfield code="d">InU</subfield>
   <subfield code="d">DNLM</subfield>
   <subfield code="d">NSDP</subfield>
   <subfield code="d">DLC</subfield>
   <subfield code="d">OCoLC</subfield>
   <subfield code="d">GU</subfield>
   <subfield code="d">InU</subfield>
   <subfield code="d">MCM</subfield>
   <subfield code="d">OCoLC</subfield>
   <subfield code="d">InU</subfield>
  </datafield>
  <datafield tag="041" ind1="#" ind2="#">
   <subfield code="a">eng</subfield>
  </datafield>
  <datafield tag="042" ind1="#" ind2="#">
   <subfield code="a">lc</subfield>
   <subfield code="a">nsdp</subfield>
  </datafield>
  <datafield tag="043" ind1="#" ind2="#">
   <subfield code="a">n-us---</subfield>
   <subfield code="a">n-cn---</subfield>
  </datafield>
  <datafield tag="050" ind1="#" ind2="#">
   <subfield code="a">L901</subfield>
   <subfield code="b">.P459</subfield>
  </datafield>
  <datafield tag="060" ind1="#" ind2="#">
   <subfield code="a">L 901</subfield>
   <subfield code="b">P4855</subfield>
  </datafield>
  <datafield tag="082" ind1="#" ind2="#">
   <subfield code="a">378.155 3</subfield>
   <subfield code="b">Pet</subfield>
  </datafield>
  <datafield tag="210" ind1="#" ind2="#">
   <subfield code="a">Peterson's grad. programs bus. educ. health inf. stud. law soc. work</subfield>
  </datafield>
  <datafield tag="222" ind1="#" ind2="#">
   <subfield code="a">Peterson's graduate programs in business, education, health, information studies, law &amp; social work</subfield>
  </datafield>
  <datafield tag="245" ind1="#" ind2="#">
   <subfield code="a">Peterson's graduate programs in business, education, health, information studies, law &amp; social work.</subfield>
   <subfield code="n">vol.VI</subfield>
  </datafield>
  <datafield tag="246" ind1="#" ind2="#">
   <subfield code="i">Vol. for 2004 has title:</subfield>
   <subfield code="a">Graduate programs in business, education, health, information studies, law &amp; social work</subfield>
  </datafield>
  <datafield tag="246" ind1="#" ind2="#">
   <subfield code="a">Peterson's guide to graduate programs in business, education, health, information studies, law, and social work</subfield>
   <subfield code="f">1997</subfield>
  </datafield>
  <datafield tag="260" ind1="#" ind2="#">
   <subfield code="a">Princeton, N.J. :</subfield>
   <subfield code="b">Peterson's,</subfield>
   <subfield code="c">c2006</subfield>
  </datafield>
  <datafield tag="300" ind1="#" ind2="#">
   <subfield code="a">2362 p. :</subfield>
   <subfield code="b">ill. ;</subfield>
   <subfield code="c">28 cm.</subfield>
  </datafield>
  <datafield tag="310" ind1="#" ind2="#">
   <subfield code="a">Annual</subfield>
  </datafield>
  <datafield tag="362" ind1="#" ind2="#">
   <subfield code="a">31st ed. (1997)-</subfield>
  </datafield>
  <datafield tag="500" ind1="#" ind2="#">
   <subfield code="a">&quot;Peterson's guides to graduate study, book 6.&quot;</subfield>
  </datafield>
  <datafield tag="500" ind1="#" ind2="#">
   <subfield code="a">Latest issue consulted: 38th ed. (2004).</subfield>
  </datafield>
  <datafield tag="650" ind1="#" ind2="#">
   <subfield code="a">Business education</subfield>
   <subfield code="z">United States</subfield>
   <subfield code="v">Directories.</subfield>
  </datafield>
  <datafield tag="650" ind1="#" ind2="#">
   <subfield code="a">Education</subfield>
   <subfield code="z">United States</subfield>
   <subfield code="x">Study and teaching (Graduate)</subfield>
   <subfield code="v">Directories.</subfield>
  </datafield>
  <datafield tag="650" ind1="#" ind2="#">
   <subfield code="a">Health occupations schools</subfield>
   <subfield code="z">United States</subfield>
   <subfield code="v">Directories.</subfield>
  </datafield>
  <datafield tag="650" ind1="#" ind2="#">
   <subfield code="a">Information science</subfield>
   <subfield code="x">Study and teaching (Graduate)</subfield>
   <subfield code="z">United States</subfield>
   <subfield code="v">Directories.</subfield>
  </datafield>
  <datafield tag="650" ind1="#" ind2="#">
   <subfield code="a">Law</subfield>
   <subfield code="x">Study and teaching (Graduate)</subfield>
   <subfield code="z">United States</subfield>
   <subfield code="v">Directories.</subfield>
  </datafield>
  <datafield tag="650" ind1="#" ind2="#">
   <subfield code="a">Social work education</subfield>
   <subfield code="z">United States</subfield>
   <subfield code="v">Directories.</subfield>
  </datafield>
  <datafield tag="650" ind1="#" ind2="#">
   <subfield code="a">Universities and colleges</subfield>
   <subfield code="z">Canada</subfield>
   <subfield code="x">Study and teaching (Graduate)</subfield>
   <subfield code="v">Directories.</subfield>
  </datafield>
  <datafield tag="650" ind1="#" ind2="#">
   <subfield code="a">Universities and colleges</subfield>
   <subfield code="z">United States</subfield>
   <subfield code="x">Study and teaching (Graduate)</subfield>
   <subfield code="v">Directories.</subfield>
  </datafield>
  <datafield tag="650" ind1="#" ind2="#">
   <subfield code="a">Commerce</subfield>
   <subfield code="x">education</subfield>
   <subfield code="z">United States</subfield>
   <subfield code="v">Directory.</subfield>
  </datafield>
  <datafield tag="650" ind1="#" ind2="#">
   <subfield code="a">Education, Graduate</subfield>
   <subfield code="z">United States</subfield>
   <subfield code="v">Directory.</subfield>
  </datafield>
  <datafield tag="650" ind1="#" ind2="#">
   <subfield code="a">Information Science</subfield>
   <subfield code="x">education</subfield>
   <subfield code="z">United States</subfield>
   <subfield code="v">Directory.</subfield>
  </datafield>
  <datafield tag="650" ind1="#" ind2="#">
   <subfield code="a">Schools, Health Occupations</subfield>
   <subfield code="z">United States</subfield>
   <subfield code="v">Directory.</subfield>
  </datafield>
  <datafield tag="650" ind1="#" ind2="#">
   <subfield code="a">Social Work</subfield>
   <subfield code="x">education</subfield>
   <subfield code="z">United States</subfield>
   <subfield code="v">Directory.</subfield>
  </datafield>
  <datafield tag="650" ind1="#" ind2="#">
   <subfield code="a">Universities</subfield>
   <subfield code="z">United States</subfield>
   <subfield code="v">Directory.</subfield>
  </datafield>
  <datafield tag="710" ind1="#" ind2="#">
   <subfield code="a">Peterson's (Firm)</subfield>
  </datafield>
  <datafield tag="780" ind1="#" ind2="#">
   <subfield code="t">Peterson's guide to graduate programs in business, education, health, and law</subfield>
   <subfield code="x">0897-6023</subfield>
   <subfield code="w">(DLC)   89645335</subfield>
   <subfield code="w">(OCoLC)17562025</subfield>
  </datafield>
  <datafield tag="830" ind1="#" ind2="#">
   <subfield code="a">Peterson's annual guides/graduate study ;</subfield>
   <subfield code="v">book 6.</subfield>
  </datafield>
  <datafield tag="850" ind1="#" ind2="#">
   <subfield code="a">CLU</subfield>
   <subfield code="a">DLC</subfield>
   <subfield code="a">DNLM</subfield>
   <subfield code="a">InU</subfield>
   <subfield code="a">N</subfield>
  </datafield>
  <datafield tag="852" ind1="#" ind2="#">
   <subfield code="x">universal pattern</subfield>
  </datafield>
  <datafield tag="853" ind1="#" ind2="#">
   <subfield code="8">1</subfield>
   <subfield code="a">+ed.</subfield>
   <subfield code="i">(year)</subfield>
   <subfield code="w">a</subfield>
  </datafield>
  <datafield tag="863" ind1="#" ind2="#">
   <subfield code="8">1.1</subfield>
   <subfield code="a">31</subfield>
   <subfield code="i">1997</subfield>
  </datafield>
  <datafield tag="923" ind1="#" ind2="#">
   <subfield code="a">02/2007</subfield>
  </datafield>
  <datafield tag="990" ind1="#" ind2="#">
   <subfield code="a">vol.VI</subfield>
  </datafield>
  <datafield tag="992" ind1="#" ind2="#">
   <subfield code="a">120.000</subfield>
  </datafield>
  <datafield tag="994" ind1="#" ind2="#">
   <subfield code="a">DLU</subfield>
  </datafield>
  <datafield tag="998" ind1="#" ind2="#">
   <subfield code="a">TK</subfield>
  </datafield>
  <datafield tag="900" ind1="#" ind2="#">
   <subfield code="a">True</subfield>
  </datafield>
  <datafield tag="911" ind1="#" ind2="#">
   <subfield code="a">Đào Thị Thu Huyền</subfield>
  </datafield>
  <datafield tag="925" ind1="#" ind2="#">
   <subfield code="a">G</subfield>
  </datafield>
  <datafield tag="926" ind1="#" ind2="#">
   <subfield code="a">A</subfield>
  </datafield>
  <datafield tag="927" ind1="#" ind2="#">
   <subfield code="a">SH</subfield>
  </datafield>
  <datafield tag="980" ind1="#" ind2="#">
   <subfield code="a">Thư viện Trường Đại học Đà Lạt</subfield>
  </datafield>
 </record>
</collection>
